Contemporary interpersonal theory and research :personality, psychopathology, and psychotherapy. / (Record no. 2180)

MARC details
000 -LEADER
fixed length control field 02526cam a2200457 a 4500
001 - CONTROL NUMBER
control field 2088934
005 - DATE AND TIME OF LATEST TRANSACTION
control field 20210414114130.0
008 - FIXED-LENGTH DATA ELEMENTS--GENERAL INFORMATION
fixed length control field 950920s1996 nyua b 001 0 eng c
010 ## - LIBRARY OF CONGRESS CONTROL NUMBER
LC control number 95039129
020 ## - INTERNATIONAL STANDARD BOOK NUMBER
International Standard Book Number 0471148474 (acidfree paper)
040 ## - CATALOGING SOURCE
Original cataloging agency DNLM/DLC
Transcribing agency DLC
Modifying agency DLC
050 00 - LIBRARY OF CONGRESS CALL NUMBER
Classification number RC455.4.S67K54
060 10 - NATIONAL LIBRARY OF MEDICINE CALL NUMBER
Classification number HM 132 K47c 1996
082 00 - DEWEY DECIMAL CLASSIFICATION NUMBER
Classification number 155.2
Edition number 20
100 1# - MAIN ENTRY--PERSONAL NAME
Personal name Kiesler, Donald J.
245 10 - TITLE STATEMENT
Title Contemporary interpersonal theory and research :personality, psychopathology, and psychotherapy. /
Statement of responsibility, etc. Donald J. Kiesler.
246 18 - VARYING FORM OF TITLE
Title proper/short title Contemporary interpersonal theory & research
260 ## - PUBLICATION, DISTRIBUTION, ETC.
Place of publication, distribution, etc. New York :
Name of publisher, distributor, etc. Wiley,
Date of publication, distribution, etc. 1996.
300 ## - PHYSICAL DESCRIPTION
Extent xviii, 398 p. :
Other physical details ill. ;
Dimensions 26 cm.
440 #0 - SERIES STATEMENT/ADDED ENTRY--TITLE
Title [Wiley series in clinical psychology and personality]
500 ## - GENERAL NOTE
General note Series statement from jacket.
504 ## - BIBLIOGRAPHY, ETC. NOTE
Bibliography, etc. note Includes bibliographical references (p. 323-372) and indexes.
505 ## - FORMATTED CONTENTS NOTE
Formatted contents note Contents: Personality and psychopathology: Overt interpersonal behavior and the interpersonal circle -- Interpersonal behavior: moderating factors and other issues -- Covert components of interpersonal behavior -- Interpersonal behavior and our bids for complementarity -- Measurement of the covert complementary response -- Maladjusted interpersonal behavior -- Diagnosis, psychotheraphy and supervision: Interpersonal assessment and diagnosis -- A Vocabulary for interpersonal interventions -- The Relationship in psychotherapy -- Interpersonal communication interventions -- Interperosnal communication interventions -- Interpersonal communication supervision and the parallel process.
650 #0 - SUBJECT ADDED ENTRY--TOPICAL TERM
Topical term or geographic name entry element Social adjustment.
650 #0 - SUBJECT ADDED ENTRY--TOPICAL TERM
Topical term or geographic name entry element Interpersonal relations.
650 #0 - SUBJECT ADDED ENTRY--TOPICAL TERM
Topical term or geographic name entry element Adjustment disorders.
650 #0 - SUBJECT ADDED ENTRY--TOPICAL TERM
Topical term or geographic name entry element Psychotherapy.
650 #0 - SUBJECT ADDED ENTRY--TOPICAL TERM
Topical term or geographic name entry element Object relations (Psychoanalysis)
650 #0 - SUBJECT ADDED ENTRY--TOPICAL TERM
Topical term or geographic name entry element Psychotherapist and patient.
650 12 - SUBJECT ADDED ENTRY--TOPICAL TERM
Topical term or geographic name entry element Interpersonal Relations.
650 22 - SUBJECT ADDED ENTRY--TOPICAL TERM
Topical term or geographic name entry element Personality.
650 22 - SUBJECT ADDED ENTRY--TOPICAL TERM
Topical term or geographic name entry element Social Behavior.
650 22 - SUBJECT ADDED ENTRY--TOPICAL TERM
Topical term or geographic name entry element Personality Disorders.
650 22 - SUBJECT ADDED ENTRY--TOPICAL TERM
Topical term or geographic name entry element Psychotherapy.
856 42 - ELECTRONIC LOCATION AND ACCESS
Materials specified Contributor biographical information
Uniform Resource Identifier <a href="http://www.loc.gov/catdir/bios/wiley042/95039129.html">http://www.loc.gov/catdir/bios/wiley042/95039129.html</a>
856 42 - ELECTRONIC LOCATION AND ACCESS
Materials specified Publisher description
Uniform Resource Identifier <a href="http://www.loc.gov/catdir/description/wiley033/95039129.html">http://www.loc.gov/catdir/description/wiley033/95039129.html</a>
856 4# - ELECTRONIC LOCATION AND ACCESS
Materials specified Table of Contents
Uniform Resource Identifier <a href="http://www.loc.gov/catdir/toc/onix04/95039129.html">http://www.loc.gov/catdir/toc/onix04/95039129.html</a>
906 ## - LOCAL DATA ELEMENT F, LDF (RLIN)
a 7
b cbc
c orignew
d 1
e ocip
f 19
g y-gencatlg
942 ## - ADDED ENTRY ELEMENTS (KOHA)
Source of classification or shelving scheme Library of Congress Classification
Koha item type Books
Holdings
Withdrawn status Lost status Source of classification or shelving scheme Damaged status Not for loan Home library Current library Shelving location Date acquired Total Checkouts Full call number Barcode Date last seen Copy number Price effective from Koha item type
    Library of Congress Classification     WISCONSIN INTERNATIONAL UNIVERSITY COLLEGE, GHANA - MAIN LIBRARY WISCONSIN INTERNATIONAL UNIVERSITY COLLEGE, GHANA - MAIN LIBRARY General Stacks 27/08/2012   RC455.4.S67K54 5025/12 27/08/2012 1 27/08/2012 Books

If you have any concerns or questions; kindly contact the library


© Powered by WIUC ICT DIRECTORATE